000 00458nam a2200121Ia 4500
008 220216s9999 xx 000 0 und d
100 _aJoseph C J
245 0 _aHarvesting and latex collection: My innovations
260 _bIRC 2012. International Rubber Conference, 28-31 October 2012, Kovalam, India, Rubber Research Institute of India, Kottayam and IRRDB, Malaysia: Abstracts. pp.228.
650 _aHarvesting
650 _aLatex collection
942 _cJS
999 _c60229
_d60229